Az objektív szociológia.

Elmentve itt :
Bibliográfiai részletek
Szerző: Somló Bódog
Adatforrás:Philobibl
Forrásdokumentuma:Huszadik Század
(1907), XV.kötet, 229-235.p. p.
Dokumentumtípus: Cikk
Nyelv:magyar
LEADER 00602nab a2200109 c 4500
001 bibDOK00022566
005 20200924121647.5
008 060518s1907 hu hun
100 1 |a Somló Bódog 
245 1 3 |a Az objektív szociológia.  |c Somló Bódog 
500 |a Az "objektív szociológia" vita. Pikler Gyula: "Objektív szociológia" visszavonása, az "epifenomenek" és az "anyagcsererendszerek", Huszadik Század, XV.kötet,301-318. Somló Bódog viszontválasza Pikler Gyulának az objektív szociológia dolgában, Huszadik Század, XV.kötet, 458-471. 
773 0 |t Huszadik Század  |g (1907), XV.kötet, 229-235.p. p.